NBA The Three Point Leaders of all-time - Statistics

General Stats
  • This quiz has been taken 35 times
  • The average score is 15 of 30
Answer Stats
NBA Players Rank % Correct
James Harden 2
100%
Stephen Curry 1
100%
Damian Lillard 4
92%
LeBron James 7
92%
Ray Allen 3
92%
Kevin Durant 14
85%
Klay Thompson 5
81%
Reggie Miller 6
77%
Chris Paul 26
73%
Kobe Bryant 30
69%
Kyle Korver 8
69%
Paul Pierce 15
58%
JJ Redick 22
54%
Vince Carter 10
50%
Jason Kidd 19
46%
Dirk Nowitzki 20
42%
Kyrie Irving 25
42%
Buddy Hield 16
35%
Joe Johnson 21
35%
Kyle Lowry 13
35%
Paul George 9
35%
CJ McCollum 18
31%
J.R. Smith 24
31%
Chauncey Billups 29
23%
Tim Hardaway Jr. 28
23%
Eric Gordon 17
15%
Jamal Crawford 12
15%
Jason Terry 11
15%
Mike Conley 23
12%
Wesley Matthews 27
8%
No matching quizzes found
Score Distribution
Percent of People with Each Score
Percentile by Number Answered
Your Score History
You have not taken this quiz